|
|
|
|
| LEADER |
01123nam a2200277 a 4500 |
| 001 |
3523386 |
| 008 |
101125r20041997njua b 001 0 eng d |
| 010 |
|
|
|a 96008356
|
| 020 |
|
|
|a 8178084961
|
| 020 |
|
|
|a 013288366X
|
| 040 |
|
|
|a DLC
|c DLC
|d DLC
|d BD-DhAAL
|
| 082 |
0 |
0 |
|a 005.13/3
|2 20
|
| 100 |
1 |
|
|a Kruse, Robert L.
|q (Robert Leroy),
|d 1941-
|
| 245 |
1 |
0 |
|a Data structures and program design in C /
|c Robert L. Kruse, Clovis L. Tondo, Bruce P. Leung.
|
| 246 |
1 |
4 |
|a Data structures & program design in C
|
| 250 |
|
|
|a 2nd ed.
|
| 260 |
|
|
|a Upper Saddle River, N.J. :
|b Prentice Hall ;
|a Delhi :
|b Pearson Education,
|c c1997 [Reprinted 2004]
|
| 300 |
|
|
|a xvi, 671 p. :
|b ill. (some col.) ;
|c 25 cm.
|
| 504 |
|
|
|a Includes bibliographical references and index.
|
| 541 |
|
|
|e 00013102
|
| 650 |
|
0 |
|a C (Computer program language)
|
| 700 |
1 |
|
|a Tondo, Clovis L.
|
| 700 |
1 |
|
|a Leung, Bruce P.
|
| 852 |
4 |
|
|a Ayesha Abed Library
|j General shelf
|
| 999 |
|
|
|c 10094
|d 10094
|
| 952 |
|
|
|0 0
|1 0
|2 ddc
|4 0
|6 005_133000000000000_KRU
|7 0
|9 13314
|a BRACUL
|b BRACUL
|c GEN
|d 2010-11-27
|g 263.00
|l 1
|o 005.133 KRU
|p 3010013102
|r 2025-07-12
|s 2025-07-07
|t 1
|w 2010-11-27
|y BK
|